00000000nam##2200000za#4500
0019.648212
003CaOODSP
00520210615113000
007ta
008150407|2001||||xxc|||||     f|0| 0 eng|d
020 |a0-662-30655-4
040 |aCaOODSP|beng
043 |an-cn---
0861 |aC2-574/2001E
1101 |aCanada. |bIndustry Canada.
24514|aThe new national dream: networking the nation for broadband access : |breport of the National Broadband Task Force
260 |aOttawa - Ontario : |bIndustry Canada |c2001.
300 |aiv, 103p. : |bgraphs, tables ; |c28 cm.
500 |a"The National Broadband Task Force was established in January 2001 by the Minister of Industry. The principal mandate of the Task Force was to map out a strategy for achieving the Government of Canada's goal of ensuring that broadband services are available to businesses and residents in every Canadian community by 2004."--Executive summary.
5203 |aThe National Broadband Task Force was established in January 2001 by the Minister of Industry. The principal mandate of the Task Force was to map out a strategy for achieving the Government of Canada's goal of ensuring that broadband services are available to businesses and residents in every Canadian community by 2004.--Executive summary
563 |aSoftcover
590 |a01-28|b2001-07-13
69007|aComputer networks|2gcpds
69007|aTelecommunications|2gcpds
69007|aInternet|2gcpds
77508|tLe nouveau rêve national: résautage du pays pour l'accès aux services à large bande : |w(CaOODSP)9.681529
7760#|tThe new national dream : |w(CaOODSP)9.686195
986 |a53497 E